000 00297nam a22001337a 4500
008 210311b ||||| |||| 00| 0 eng d
041 _aeng
080 _a910
082 _a910
100 _a42
101 _aGJEO
245 _aEarth Science A Laboratory Approach
_cMarean,J.H
942 _2udc
_cBK
999 _c56315
_d56315